000 00572nam a2200193Ii 4500
003 JO-AjNU
008 230605s9999||||xx |||||||||||||| ||und||
040 _aJO-AjNU
_bara
_erda
_cJO-AjNU
041 _aara
050 1 4 _aPJ7856 1900
100 3 _aتأليف الأحمد،ماجد (أبو الطيب النميري),
_eauthor
_913800
245 0 0 _aحداء القوافي
264 3 1 _aد.ن
300 _a85ص
336 _atext
_btxt
_2rdacontent
337 _aunmediated
_bn
_2rdamedia
338 _avolume
_bnc
_2rdacarrier
650 4 _aالشعر العربي
_913801
999 _aA3529
_c7097
_d7097